000 00310 a2200145 4500
001 164673
020 _a
040 _cMagnum
100 _aCury, Felipe Machado
240 1 0 _aZe teixeira: ataca de novo
_lpor
245 1 0 _aZe teixeira: ataca de novo
362 0 _a1899
697 _aIJ/GERAL
942 _cBK
999 _c164673
_d164673